Language Quiz

Random Language or Puzzle Quiz

Word Puzzles Quiz Stats

 Plays Quiz Updated Nov 19, 2018

     
Support Sporcle.
Go Orange.
Score 0/20 Timer 06:00
10 Plays Today
% Correct
Jack in the Box
98.5%
Chicken Dinner
81.9%
Add Insult to Injury
79.9%
Split-Second
77.7%
Drawn to Scale
77.5%
To Have and To Hold
75.2%
The last straw
68%
Paint by Numbers
67.5%
Foreign Policy
64.2%
Sideburns
58.6%
% Correct
Working Overtime
58.4%
Buck up
57%
Crossbow
54.4%
Picket Line
49.5%
What's Up?
48.3%
Four-Way Stop
47.6%
Tulips
45.8%
Breakfast
41.6%
Scrambled Eggs
35.4%
Hygiene
28.7%

From the Vault

World Leaders Matchup

by skuban

History 5m
Wait, who's really in charge here?
Remove Ads.
Support Sporcle.
Get the best of Sporcle when you Go Orange. This ad-free experience offers more features, more stats, and more fun while also helping to support Sporcle. Thank you for becoming a member.

Show Comments

Extras

Top Quizzes Today


Score Distribution

Your Account Isn't Verified!

In order to create a playlist on Sporcle, you need to verify the email address you used during registration. Go to your Sporcle Settings to finish the process.

Report this User

Report this user for behavior that violates our Community Guidelines.

Details: